| 000 | 01272nam a2200337 i 4500 | ||
|---|---|---|---|
| 001 | 000048339 | ||
| 003 | DO-SdBNP | ||
| 005 | 20260528092359.0 | ||
| 007 | ta | ||
| 008 | 190208s2016 dr ac 001 0 spa d | ||
| 020 | _a9789945082500 | ||
| 040 |
_aDO-SdBNP _bspa _cBNPHU _erda |
||
| 041 | _aspa | ||
| 082 | 4 |
_axxx _bxxx _222 |
|
| 100 | 1 |
_aUribe Peguero, Eurípides Antonio, _eautor _4aut. _911673 |
|
| 245 | 1 | 0 |
_aMilitares y autoritarismo : _ben 100 años de evolución política (1916-2016) / _cEurípides Antonio Uribe Peguero ; prólogo, Tony Raful |
| 250 | _asegunda edición | ||
| 264 | 4 |
_aSanto Domingo, República Dominicana : _bImpresora Soto Castillo, _c©2016. |
|
| 300 |
_a691 páginas : _bilustraciones, retratos ; _c23 cm. |
||
| 336 |
_atexto _btxt _2rdacontent |
||
| 337 |
_asin mediación _bn _2rdamedia |
||
| 338 |
_avolumen _bnc _2rdacarrier |
||
| 500 | _aIncluye referencias bibliográficas y notas al pie de las páginas | ||
| 500 | _aIncluye datos biografícos del autor en la solapa de la cubiertaa e índice onomástico | ||
| 500 | _aIncluye índice onomástico | ||
| 504 | _aBibliografía : páginas 671-676 | ||
| 590 | _aInventariado, 2025/LP | ||
| 700 | 1 |
_aRaful, Tony, _eprologuista _4tr. _982882 |
|
| 910 | _aLP | ||
| 942 |
_2ddc _cLBS1 |
||
| 999 |
_c59059 _d59059 |
||